000 00831cam a2200205 4500500
005 20260208002638.0
041 _afre
042 _adc
100 1 0 _aMiedzyrzecki, Jacques
_eauthor
245 0 0 _aL'intime est-il (in)soluble ?
260 _c2010.
500 _a27
520 _aRésuméC’est au travers de la notion d’intime envisagée comme un mouvement économique et non comme une catégorie que l’auteur se pose la question des remaniements induits par la modernité postfreudienne et scientifique dans les rapports du sujet avec le monde actuel.
690 _aintime
690 _amodernité
690 _apsychanalyse
690 _avoyeurisme
786 0 _nEmpan | 77 | 1 | 2010-05-17 | p. 79-81 | 1152-3336
856 4 1 _uhttps://shs.cairn.info/revue-empan-2010-1-page-79?lang=fr&redirect-ssocas=7080
999 _c1646683
_d1646683